এখনো স্বপ্ন দেখায় / (Record no. 466)
[ view plain ]
| 000 -LEADER | |
|---|---|
| fixed length control field | 00482nam a2200157 a 4500 |
| 003 - CONTROL NUMBER IDENTIFIER | |
| JCCL marc code | BD-JhCC |
| 005 - DATE AND TIME OF LATEST TRANSACTION | |
| control field | 20171005115032.0 |
| 008 - FIXED-LENGTH DATA ELEMENTS--GENERAL INFORMATION | |
| fixed length control field | 171005s2004 bd |||| |||| 000 0 ben d |
| 020 ## - INTERNATIONAL STANDARD BOOK NUMBER | |
| International Standard Book Number | 984422038X |
| 035 ## - SYSTEM CONTROL NUMBER | |
| system control number | (BD-JhCC) |
| 040 ## - CATALOGING SOURCE | |
| Original cataloging agency | BD-JhCC |
| Modifying agency | BD-JhCC |
| 041 ## - LANGUAGE CODE | |
| Language code of Book | ben |
| 082 ## - DEWEY DECIMAL CLASSIFICATION NUMBER | |
| Classification number | 891.443 |
| Author mark and Year | IQB 2004 |
| 100 ## - MAIN ENTRY--PERSONAL NAME | |
| Personal name | ইকবাল, মুহম্মদ জাফর |
| 245 ## - TITLE STATEMENT | |
| Title | এখনো স্বপ্ন দেখায় / |
| Statement of responsibility, etc | মুহম্মদ জাফর ইকবাল |
No items available.